[Event "RUS-chT U11"]
[Site "Sochi"]
[Date "2019.05.10"]
[Round "9.1"]
[White "Ogorodnikov, Matvey"]
[Black "Chernykh, Ilya"]
[Result "0-1"]
[WhiteElo "1365"]
[BlackElo "1232"]
[PlyCount "118"]
[EventDate "2019.05.01"]
[EventType "team-tourn"]
[EventRounds "9"]
[EventCountry "RUS"]
[SourceTitle "EXT 2022"]
[Source "ChessBase"]
[SourceDate "2021.10.06"]
[SourceVersion "1"]
[SourceVersionDate "2021.10.06"]
[SourceQuality "1"]

1. d4 d5 2. Nf3 Nf6 3. c4 e6 4. g3 Bb4+ 5. Bd2 Bxd2+ 6. Qxd2 Nbd7 7. Bg2 c6 8. 0-0 0-0 9. Qc2 Ne4 10. Nbd2 Ndf6 11. Rad1 Bd7 12. Ne5 Nxd2 13. Rxd2 Rc8 14. Qb3 Qc7 15. Rdd1 Ne4 16. Qc2 Nd6 17. c5 Nf5 18. e4 Ne7 19. f4 f6 20. Nxd7 Qxd7 21. Rfe1 f5 22. e5 g6 23. Re3 Kg7 24. h3 h6 25. Kh2 h5 26. Ra3 Ra8 27. b4 Qc7 28. Qd2 a6 29. Rg1 Rh8 30. Bf1 Kf7 31. Qe1 Rag8 32. Qf2 Ra8 33. Qe1 Rag8 34. h4 Ra8 35. Qc3 Rhf8 36. Rg2 Ng8 37. Ra5 Nh6 38. Kg1 Ng4 39. Rc2 Rab8 40. Be2 Rh8 41. Bxg4 hxg4 42. a4 Ra8 43. Kg2 Ke7 44. Qd3 Rab8 45. Rc3 Ra8 46. Qc2 Rhb8 47. Qc1 Kd7 48. Kf1 Ke7 49. Kg2 Kd7 50. Kf2 Ke7 51. Kg1 Kd7 52. Kg2 Ke7 53. h5 Rh8 54. hxg6 Rh3 55. Qg1 Rah8 56. Rc1 Kf8 57. Rb1 Qg7 58. Rb2 Qh6 59. Kf2 Rh1 0-1

[Event "RUS-chT U11"]
[Site "Sochi"]
[Date "2019.05.01"]
[Round "1.1"]
[White "Usov, Aleksandr E"]
[Black "Ogorodnikov, Matvey"]
[Result "1-0"]
[WhiteElo "1737"]
[BlackElo "1365"]
[PlyCount "65"]
[EventDate "2019.05.01"]
[EventType "team-tourn"]
[EventRounds "9"]
[EventCountry "RUS"]
[SourceTitle "EXT 2022"]
[Source "ChessBase"]
[SourceDate "2021.10.06"]
[SourceVersion "1"]
[SourceVersionDate "2021.10.06"]
[SourceQuality "1"]

1. e4 c5 2. c3 d5 3. exd5 Qxd5 4. d4 Nc6 5. Nf3 Nf6 6. Na3 e6 7. Nb5 Qd8 8. Bf4 Nd5 9. Bg3 a6 10. c4 axb5 11. cxd5 Qxd5 12. Bxb5 cxd4 13. Bxc6+ bxc6 14. Qxd4 Qa5+ 15. Nd2 Bb4 16. 0-0 0-0 17. Nb3 Qb5 18. Bd6 Bxd6 19. Qxd6 Bb7 20. Rfc1 Rfd8 21. Qe7 Re8 22. Qh4 h6 23. Nc5 Red8 24. a4 Qb6 25. b4 Ba6 26. Rc3 e5 27. Rg3 Kh8 28. Qe7 Qxb4 29. Qxf7 Rg8 30. Ne6 Qb2 31. Re1 e4 32. Qg6 Bc4 33. Ng5 1-0